000 01058nam a22003497a 4500
001 0017787
003 KOHA_MİRAKIL
005 20260207002152.0
007 ta
008 100604b1972 tu |||gr||||#||||0|eng |
040 _aTR-BiSEU
_btur
_cTR-BiSEU
_erda
041 0 _aeng
044 _ctu
050 _aTK3226
_b.T65 1972
100 1 _aTokad, Y..
245 1 _aFoundations of passive electrical network synthesis/
_cY. Tokad ; Yılmaz Tokad.
264 1 _aAnkara :
_bMiddle East Technical University
_c1972
300 _a1.c.(362 s.), 2.c.(328 s.) ;
_c23 cm.
336 _ametin
_btxt
_2rdacontent
337 _aaracısız
_bn
_2rdamedia
338 _acilt
_bnc
_2rdacarrier
490 1 _aM.E.T.U.
490 1 _aFaculty of Engineering Publication ;
_vno.
490 1 _a41.
500 _aDizin var.
650 0 _aElectric network synthesis.
_941326
650 0 _aElektrik şebeke sentezi.
_941327
830 1 _aM.E.T.U.
_941328
830 1 _aFaculty of Engineering Publication ;
_vno.
_941329
830 1 _a41.
_95327
942 _2lcc
_cBK
999 _c17744
_d17744